Unstable Universe Duos - Statistics

General Stats
  • This quiz has been taken 162 times
  • The average score is 11 of 29
Answer Stats
Hint Answer % Correct
FlameFrags and ManePear Blindfold Brothers
84%
Wemmbu and eggchan Tax Duo
73%
ParrotX2 and Wifies Odyssey Duo
67%
FlameFrags and Lomedy Torchflower
60%
Wemmbu and PrinceZam Mutiny Duo
59%
ParrotX2 and TheobaldTheBird Cartwings
58%
FlameFrags and Wemmbu Imperial Fire
57%
SpokeIsHere and Mapicc Devious Duo
48%
Wemmbu and ManePear Destruction Duo
47%
SpokeIsHere and PlanetLord Pride Duo
47%
Wemmbu and TheRealSquiddo Partykillers
46%
Wemmbu and Boosfer Inversion Duo
42%
Wemmbu and MinuteTech Monarch Duo
40%
SpokeIsHere and JamatoP Exploit Duo
38%
ParrotX2 and FlameFrags Phoenix Duo
37%
ParrotX2 and Evilfies Potential Duo
32%
Wemmbu and SpokeIsHere Orbital Duo
31%
Wemmbu and Rejoice Dovestar Duo
27%
ParrotX2 and JumperWho Flappy Birds
25%
SpokeIsHere and ashswagg God Duo
25%
Wemmbu and Wato1876 Restock Duo
25%
FlameFrags and PrinceZam Solar Flare
25%
Wemmbu and Jaden_MAN Cannonball Duo
23%
SpokeIsHere and MinuteTech Doomsday Duo
22%
ParrotX2 and PlanetLord Paralysis Duo
21%
FlameFrags and Jaden_MAN Tideblaze
20%
SpokeIsHere and PrinceZam Destiny Duo
18%
Wemmbu and Loppezz Ice Spikes Duo
16%
Wemmbu and Baablu Lavender Duo
15%
No matching quizzes found
Score Distribution
Percent of People with Each Score
Percentile by Number Answered
Your Score History
You have not taken this quiz